2024中国内地高考试卷所使用的所有文字(扫雷) - Statistics

General Stats
  • This quiz has been taken 185 times
  • The average score is 6 of 14
Answers on the Grid
Answers color-coded by a green-red scale on the quiz's grid according to % correct below.
中文 (汉文)
英文
日文
西班牙文
俄文
法文
德文
藏文
蒙古文
维吾尔文
朝鲜文 (韩文)
彝文
哈萨克文
柯尔克孜文
塔吉克文
乌孜别克文
壮文
满文
傣文
苗文
白文
瑶文
侗文
锡伯文
景颇文
羌文
葡萄牙文
阿拉伯文
意大利文
越南文
缅甸文
古典玛雅文
 
Answer Stats
Answer % Correct
中文 (汉文)
78%
英文
78%
日文
67%
朝鲜文 (韩文)
55%
俄文
52%
维吾尔文
43%
藏文
41%
蒙古文
38%
法文
34%
西班牙文
31%
德文
28%
彝文
9%
哈萨克文
3%
柯尔克孜文
0%
No matching quizzes found
Score Distribution
Percent of People with Each Score
Percentile by Number Answered
Your Score History
You have not taken this quiz